01121nam a2200193Ia 4500008004100000020001800041020001500059050002600074100002800100245009500128260004000223300001800263500005700281500012300338504003400461505034300495650005300838700003600891120626s1982 mx 000 0 spa d a0-471-04971-9 a968426147004aBF432.5W42 bK37 1982 aKaufman, Alan S.eautor10aPsicometría razonada con el WISC-Rc/ Alan S. Kaufman; traducción, Florente López R aMéxicobEl Manual Modernoc, 1982 a303 páginas aTraducción de: Intelligent testing with the WISC-R aContiene: Prefacio, Agradecimiento, Índice de contenido, Lista de cuadros, Índice de autores, Índice analítico aBibliografía: (Pp. 263-284) aPsicometría razonada Interpretación de los CI y las discrepacias verbal y de ejecución Interpretación del factor distracción Capacidades medidas para los subtests del WISC-R Procedimientos de análisis de los perfiles de los subtests Procedimientos de análisis de los perfiles de subtetsts: ejemplos y aplicaciones 17aESCALAS DE INTELIGENCIA DE WECHSLER PARA NIÑOS aLópez, R. Florenteetraductor